| 000 | 00896nam a2200229 a 4500 | ||
|---|---|---|---|
| 001 | BRCA_4939 | ||
| 005 | 20190320204852.0 | ||
| 008 | 760624s1918####u--ah#####---#001-0dspa-# | ||
| 041 | _aspa | ||
| 044 | _au | ||
| 050 | 4 |
_aPQ6337 _b.S47 1918 |
|
| 100 | 1 |
_aSerís, Homero _d1879-1969 _912535 |
|
| 245 | 1 | 0 |
_aLa colección cervantina de la Sociedad Hispánica de América _b(The Hispanic Society of America) : ediciones de Don Quijote _ccon introducción, descripción de nuevas ediciones, anotaciones y nuevos datos bibliográficos por Homero Serís. |
| 260 |
_aEstados Unidos _bUniversity of Illinois _c1918 |
||
| 300 |
_a158 p. _bil., láminas, facsímiles _c27 cm. |
||
| 500 | _aIncluye apéndice e índice alfabético | ||
| 500 | _aQM1532B | ||
| 600 | 1 | 4 |
_aCervantes Saavedra, Miguel de _d1547-1616 _9213 |
| 650 | 1 | 4 |
_aLiteratura española _y1500-1616 _911749 |
| 902 | _aGFM | ||
| 942 |
_2lcc _cB |
||
| 999 |
_c4633 _d4633 |
||